| 000 | 00886nam a2200289Ia 4500 | ||
|---|---|---|---|
| 001 | Para_10522 | ||
| 003 | CHAP | ||
| 008 | 220125s9999 xx 000 0 und d | ||
| 010 | _a204417 | ||
| 020 | _a978 - 1 - 107 - 03492 - 1 | ||
| 040 | _cCHAP | ||
| 082 | _aPA 581.15 M56 2018 | ||
| 100 |
_aMinelli, Alessandro _975928 |
||
| 245 |
_aPlant evolutionary developmental biology : _b The evolvability of the phenotype / _c Alessandro Minelli |
||
| 260 |
_aUnited Kingdom Misc. Islands : _b Cambridge University Press |
||
| 300 | _axii,458 p. | ||
| 500 | _aIncluye referencias bibliográficas e índice | ||
| 650 |
_aEvolución _x Plantas _9170332 |
||
| 650 | _aGenetica Vegetal | ||
| 901 | _aPA 581.15 M56 2018 | ||
| 902 | _aA | ||
| 905 | _a523220 2018 uikan 8000000300eng06 | ||
| 910 | _a | ||
| 942 | _cPARA | ||
| 942 |
_cPARA _d1 |
||
| 999 |
_c204417 _d204417 |
||